Nihon Kyōsantō tōsō shōshi /
Saved in:
| Main Author: | |
|---|---|
| Format: | Book |
| Language: | Japanese |
| Published: |
Tōkyō :
Kokumin Bunkosha,
1954, 1967 printing.
|
| Series: | Kokumin bunko ;
404. |
| Subjects: | |
| Tags: |
Add Tag
No Tags, Be the first to tag this record!
|
| LEADER | 01057nam a2200301 a 4500 | ||
|---|---|---|---|
| 001 | 007742633-9 | ||
| 005 | 20024617121422.0 | ||
| 008 | 941207s1954 ja 000 0 jpn d | ||
| 035 | 0 | |a ocm33661778 | |
| 035 | 0 | |a ocm31796259 | |
| 040 | |a CLSU |c CLSU |d *YNH* |d CStRLIN | ||
| 043 | |a a-ja--- | ||
| 100 | 1 | |6 880-01 |a Ichikawa, Shōichi, |d 1892-1945. | |
| 245 | 1 | 0 | |6 880-02 |a Nihon Kyōsantō tōsō shōshi / |c Ichikawa Shōichi cho. |
| 260 | |6 880-03 |a Tōkyō : |b Kokumin Bunkosha, |c 1954, 1967 printing. | ||
| 300 | |a 217 p. ; |c 15 cm. | ||
| 490 | 1 | |6 880-04 |a Kokumin bunko ; |v 404 | |
| 610 | 2 | 0 | |6 880-05 |a Nihon Kyōsantō |x History. |
| 650 | 0 | |a Communism |z Japan. | |
| 880 | 1 | |6 100-01 |a 市川正一, |d 1892-1945. | |
| 880 | 1 | 0 | |6 245-02 |a 日本共産黨鬪爭小史 / |c 市川正一著. |
| 880 | |6 260-03 |a 東京 : |b 国民文庫社, |c 1954, 1967 printing. | ||
| 880 | 1 | |6 490-04 |a 国民文庫 ; |v 404 | |
| 880 | 2 | 0 | |6 610-05 |a 日本共産黨 |x History. |
| 830 | 0 | |6 880-54 |a Kokumin bunko ; |v 404. | |
| 880 | 0 | |6 830-54 |a 国民文庫 ; |v 404. | |
| 988 | |a 20021219 | ||
| 906 | |0 OCLC | ||


